Представление документа в формате RUSMARC

ПолеНазваниеЗначение
  Тип записи i
  Библиографический уровень m
001 Контрольный номер RU/IS/BASE/479925606
005 Дата корректировки 20260312163411.3
010 Индекс ISBN __
a ISBN 978-5-9677-2073-4 (в кор.)
d Цена 256-50
100 Данные общей обработки __
a Данные общей обработки 19150317d2014||||||| 0rusy0189 ca
101 Язык документа 1_
a Язык текста rus
c Язык оригинала ger
102 Страна публикации __
a Страна публикации ru|
105 Кодированные данные (монография) __
a Кодированные данные (монография) nn|||||||z|zy
127 Кодированные данные (звукозаписи-физические характеристики) __
a Продолжительность проигрывания 01 ч 57 мин
200 Заглавие и сведения об ответственности 1_
a Заглавие Коварство и любовь
e Сведения, относящиеся к заглавию [спектакль Государственного академического Малого театра СССР, запись 1955 г. : 12+]
f Первые сведения об ответственности Фридрих Шиллер ; [исполнители: Николай Комиссаров и др.]
b Общее обозначение материала Звукозапись
210 Выходные данные 1_
a Место издания Москва
c Издательство 1С-Паблишинг
c Издательство Агентство
d Дата издания 2014
215 Физическое описание __
a Объем 1 электрон. опт. диск (Audio CD)
c Иллюстрации/тип воспроизводства mp3, stereo
d Формат 12х14 см
225 Серия 2_
a Серия 1С: Аудиотеатр
230 Специфическая характеристика материала: электронные ресурсы __
a Обозначение и объем ресурса Электронные звуковые данные
323 Примечание о главных создателях, исполнителях, участниках __
a Примечание о главных создателях, исполнителях, участниках Комиссаров, Н.
323 Примечание о главных создателях, исполнителях, участниках __
a Примечание о главных создателях, исполнителях, участниках Царев, М.
323 Примечание о главных создателях, исполнителях, участниках __
a Примечание о главных создателях, исполнителях, участниках Шарлахов, В.
323 Примечание о главных создателях, исполнителях, участниках __
a Примечание о главных создателях, исполнителях, участниках Гоголева, Е.
323 Примечание о главных создателях, исполнителях, участниках __
a Примечание о главных создателях, исполнителях, участниках Велихов, Е.
323 Примечание о главных создателях, исполнителях, участниках __
a Примечание о главных создателях, исполнителях, участниках Светловидов, Н.
323 Примечание о главных создателях, исполнителях, участниках __
a Примечание о главных создателях, исполнителях, участниках Белевцева, Н.
323 Примечание о главных создателях, исполнителях, участниках __
a Примечание о главных создателях, исполнителях, участниках Еремеева, Т.
323 Примечание о главных создателях, исполнителях, участниках __
a Примечание о главных создателях, исполнителях, участниках Кузнецова, Е.
323 Примечание о главных создателях, исполнителях, участниках __
a Примечание о главных создателях, исполнителях, участниках Ковров, Г.
323 Примечание о главных создателях, исполнителях, участниках __
a Примечание о главных создателях, исполнителях, участниках Богомолов, С.
330 Аннотация __
a Аннотация Прослушайте аудиоверсию драмы о горячих сердцах и холодном рассудке - постановку, которая никого не оставит равнодушным! Фердинанд и Луиза надеются, что их возвышенная, светлая любовь сумеет преодолеть пропасть сословного неравенства. Они еще не знают, что отец Фердинанда, надеясь упрочить свое политическое влияние, задумал женить сына на фаворитке герцога - леди Мильфорд. Да и знатная дама имеет виды на молодого человека... Как в чудном зеркале, отражается в бессмертной пьесе романтика Шиллера извечный конфликт между людьми благородными, способными на искреннее чувство, и циничными, расчетливыми лицемерами.
333 Примечание о целевом назначении __
a Примечание о целевом назначении 12+. Для детей старше 12 лет
337 Примечание о системных требованиях (электронные ресурсы) __
a Примечание о системных требованиях (электронные ресурсы) Системные требования: MS Windows 95/98/2000/XP/Vista/7 ; Pentium 100 ; RAM 16 Мб ; SVGA, 800x600 ; CD-ROM ; зв. карта ; колонки или наушники ; мышь или аудиосистемы с поддержкой формата MP3: музыкальный центр ; CD/DVD-плеер и т.д.
606 Тематические рубрики __
a Основная рубрика Музыка и зрелищные искусства
606 Тематические рубрики __
a Основная рубрика Художественное радиовещание
606 Тематические рубрики __
a Основная рубрика Художественная литература
606 Тематические рубрики __
a Основная рубрика Литература Европы (произведения)
610 Ключевые слова 0_
a Ключевые слова аудиопостановки
a Ключевые слова аудиоспектакли
a Ключевые слова драматургия
a Ключевые слова драмы
a Ключевые слова иностранная литература
a Ключевые слова немецкая драматургия
a Ключевые слова немецкая литература
a Ключевые слова пьесы
a Ключевые слова тема дворянства
a Ключевые слова тема интриг
a Ключевые слова тема коварства
a Ключевые слова тема любви
686 Индексы других классификаций __
2 Код системы rubbks
a Классификационный индекс 85.381.3(2)-7я04
686 Индексы других классификаций __
2 Код системы rubbks
a Классификационный индекс 84(4Гем)52-6я04; ст85.38я0 + ст84(4Гем)-6я0
700 Автор _1
a Фамилия Шиллер
b Имя Ф.
g Полное личное имя Фридрих
4 Код отношения 070
711 Наименование организации. (Альтернативная ответственность) 02
a Организация/ юрисдикция Государственный академический Малый театр
801 Источник записи _0
a Страна ru
b Организация Муниципальное бюджетное учреждение культуры "Централизованная библиотечная система" г. Сургут (Центральная городская библиотека им. А. С. Пушкина)
c Дата составления 20150317
g Правила каталогизации КиК/Лукашук
801 Источник записи _1
a Страна ru
b Организация Муниципальное бюджетное учреждение культуры "Централизованная библиотечная система" г. Сургут (Центральная городская библиотека им. А. С. Пушкина)
c Дата составления 20150317
g Правила каталогизации КиК/Лукашук
852 Данные о местонахождении __
j Шифр хранения 85.381.3(2)-7я04
i Авторский знак Ш 58
901 Тип документа 1_
t Тип документа 0
903 Характеристики (МАРС) __
a Дата передачи 20150317
969 Тип издания __
a Тип издания аудиоспектакль; издание для слепых
990 Данные о заказе (DOS) __
j Количество экземпляров (DOS) 6
t N записи в КСУ для И/У (DOS) 201503